[Event "34. Potsdamer Weihnachtsturnier"]
[Site "?"]
[Date "2009.12.29"]
[Round "5.30"]
[White "Krueger, Kay"]
[Black "Motsch, Sebastian"]
[Result "1-0"]
[WhiteElo "1502"]
[BlackElo "1045"]
[PlyCount "93"]
[EventDate "2004.??.??"]

1. c4 e6 2. d3 Nf6 3. Nf3 Bd6 4. g3 c5 5. Bg2 Nc6 6. O-O O-O 7. Nc3 a6 8. Bg5
Be7 9. Qc1 d5 10. cxd5 exd5 11. Rd1 Be6 12. d4 c4 13. Ne5 Qa5 14. e4 Nb4 15. a3
Nc6 16. Nxc6 bxc6 17. e5 Qd8 18. exf6 Bxf6 19. Bxf6 Qxf6 20. Qd2 Rfe8 21. Re1
Re7 22. Re3 Rae8 23. Rae1 Kf8 24. Na4 Bf5 25. Rxe7 Rxe7 26. Qb4 Be6 27. Qc5 Bd7
28. Nb6 Ke8 29. Rxe7+ Qxe7 30. Qxe7+ Kxe7 31. Na4 Kd6 32. f4 Bf5 33. Kf2 Bd3
34. Nc5 f5 35. Nxd3 cxd3 36. Ke3 c5 37. dxc5+ Kxc5 38. Kxd3 g6 39. b4+ Kb5 40.
Bxd5 Ka4 41. Bb7 Kb5 42. Bxa6+ Kxa6 43. Kc4 h6 44. Kc5 g5 45. Kc6 gxf4 46. gxf4
h5 47. b5+ 1-0

[Event "34. Potsdamer Weihnachtsturnier"]
[Site "?"]
[Date "2009.12.29"]
[Round "5.31"]
[White "Werthmann, Nils"]
[Black "Wolff, Marie Antoinet"]
[Result "1-0"]
[WhiteElo "1501"]
[BlackElo "977"]
[PlyCount "53"]
[EventDate "2004.??.??"]

1. e4 Nc6 2. Nc3 Nf6 3. d4 g6 4. Nf3 Bg7 5. e5 Nh5 6. g4 Nf6 7. exf6 exf6 8.
Qe2+ Ne7 9. Nd5 O-O 10. Nxe7+ Kh8 11. Nxc8 Re8 12. Be3 Rxc8 13. Qd2 Bh6 14. Be2
Bxe3 15. fxe3 c5 16. h4 cxd4 17. Nxd4 Re4 18. h5 Qc7 19. Kf2 Rg8 20. Qc3 Qe5
21. Bf3 Rxd4 22. Qxd4 Qg5 23. h6 Rd8 24. Rad1 d6 25. Qxa7 Rd7 26. Qa8+ Rd8 27.
Qxd8# 1-0

[Event "34. Potsdamer Weihnachtsturnier"]
[Site "?"]
[Date "2009.12.29"]
[Round "5.32"]
[White "Nguyen, Van Anh"]
[Black "Eichstaedt, Ina"]
[Result "1-0"]
[WhiteElo "1291"]
[BlackElo "894"]
[PlyCount "31"]
[EventDate "2004.??.??"]

1. e4 e5 2. Nc3 Nf6 3. f4 exf4 4. Nf3 Nc6 5. Bc4 Bc5 6. d4 Bb4 7. e5 Ne4 8. Bd2
Nxc3 9. bxc3 Be7 10. O-O g5 11. Qe2 d6 12. exd6 Qxd6 13. Nxg5 Qf6 14. Bxf4 Kf8
15. Nxf7 Rg8 16. Bh6+ 1-0

[Event "34. Potsdamer Weihnachtsturnier"]
[Site "?"]
[Date "2009.12.29"]
[Round "5.34"]
[White "Reyher, Susan"]
[Black "Fuchs, Dominik"]
[Result "1-0"]
[WhiteElo "999"]
[BlackElo "1354"]
[PlyCount "113"]
[EventDate "2004.??.??"]

1. e4 c6 2. d4 d5 3. Nc3 dxe4 4. Nxe4 Bf5 5. Nc3 Nf6 6. Nf3 e6 7. Bf4 Bb4 8. a3
Bxc3+ 9. bxc3 Nd5 10. Qd2 Qa5 11. Bd6 Qxc3 12. Qxc3 Nxc3 13. Bb4 Ne4 14. Bd3 a5
15. Bd2 O-O 16. O-O Rd8 17. Be3 Nd7 18. Rad1 Nc3 19. Rd2 Be4 20. Bxe4 Nxe4 21.
Rd3 c5 22. dxc5 Ndxc5 23. Bxc5 Rxd3 24. cxd3 Nxc5 25. d4 Na4 26. Rc1 b5 27. Rb1
Nc3 28. Rb3 Rc8 29. h3 Rc4 30. Ne5 Rxd4 31. Rxc3 g6 32. Nf3 Rd1+ 33. Kh2 Ra1
34. Nd4 b4 35. axb4 axb4 36. Rb3 Ra2 37. f3 e5 38. Nc6 f6 39. Rxb4 Rc2 40. Na5
f5 41. Nc4 e4 42. fxe4 fxe4 43. Ne3 Re2 44. Rxe4 Kg7 45. Kg3 Kh6 46. Kf3 Ra2
47. Rh4+ Kg7 48. Rg4 Kh6 49. Rf4 Kh5 50. g4+ Kh4 51. Rf7 h5 52. gxh5 g5 53. h6
Rh2 54. h7 Rxh3+ 55. Ke4 Rf3 56. h8=Q+ Kg3 57. Rxf3# 1-0